000 01359pam a2200349 a 4500
001 4378343
003 OSt
005 20170518103128.0
008 910522s1992 ctu b 001 0 eng c
010 _a 91018093
020 _a0838555942
040 _aMMU
_cMMU
_dMMU
_bENG
050 1 0 _aRT48.5
_b.C67 1992
060 _aQY 4 C789La
082 0 0 _a616.07/5
_220
100 1 _aCorbett, Jane Vincent.
245 1 0 _aLaboratory tests and diagnostic procedures with nursing diagnoses /
_cJane Vincent Corbett.
250 _a3rd ed.
260 _aNorwalk, Conn. :
_bAppleton & Lange,
_cc1992.
300 _axi, 750 p. ;
_c24 cm.
500 _aThis book is a combination third edition of Laboratory tests in nursing practice and Diagnostic procedures in nursing practice, a companion volume published in 1983.
504 _aIncludes bibliographical references and index.
650 0 _aDiagnosis, Laboratory.
650 0 _aNursing diagnosis.
650 2 _aDiagnosis, Laboratory
_xnurses' instruction.
650 2 _aDiagnostic Tests, Routine
_xnurses' instruction.
700 1 _aCorbett, Jane Vincent.
_tLaboratory tests in nursing practice.
700 1 _aCorbett, Jane Vincent.
_tDiagnostic procedures in nursing practice.
906 _a7
_bcbu
_corignew
_d1
_eocip
_f19
_gy-gencatlg
942 _2lcc
_cLOAN LOAN
999 _c24027
_d24027